| 000 | 00922nam a22003017a 4500 | ||
|---|---|---|---|
| 001 | 340 | ||
| 003 | FISKH | ||
| 005 | 20230328082934.0 | ||
| 008 | 230328b cb ||||| |||| 00| 0 eng d | ||
| 020 | _a9780545483766 | ||
| 040 |
_aDLC _cDLC _dDLC _dFISKH _beng |
||
| 042 | _apcc | ||
| 050 | 0 | 0 |
_aSB363 _b.M395 2012 |
| 082 | 0 | 0 |
_a634/.11 _222 |
| 100 | 1 | _aMcNamara, Margaret. | |
| 245 | 1 | 0 |
_aApples A to Z / _cby Margaret McNamara ; pictures by Jake Parker. |
| 260 |
_aNew York : _bScholastic. _c2012. |
||
| 300 |
_a20 leaves of plates _bcol. ill. ; _c28 cm. |
||
| 504 | _aIncludes bibliographical references and index. | ||
| 505 | _aK | ||
| 521 | 8 |
_a580
_bLexile |
|
| 521 | 8 |
_aK
_bRaz-Plus |
|
| 650 | 0 |
_aApples _vJuvenile literature. |
|
| 650 | 0 |
_aEnglish language _xAlphabet _vJuvenile literature. |
|
| 700 | 1 |
_aParker, Jake, _d1977- _eill. |
|
| 906 |
_a7 _bcbc _corignew _d1 _eecip _f20 _gy-gencatlg |
||
| 942 |
_2ddc _cBK _n0 |
||
| 999 |
_c340 _d340 |
||